Consultation on upward-only rent reviews (Record no. 117460)
[ view plain ]
| 000 -LEADER | |
|---|---|
| fixed length control field | 01350cam a2200241 4500 |
| 001 - CONTROL NUMBER | |
| control field | WB4021-11 |
| 008 - FIXED-LENGTH DATA ELEMENTS--GENERAL INFORMATION | |
| fixed length control field | 040602n2004 000 0 eng u |
| 035 ## - SYSTEM CONTROL NUMBER | |
| System control number | (Sirsi) u126393 |
| 245 ## - TITLE STATEMENT | |
| Title | Consultation on upward-only rent reviews |
| 260 ## - PUBLICATION, DISTRIBUTION, ETC. | |
| Date of publication, distribution, etc. | 2004 |
| 490 ## - SERIES STATEMENT | |
| Series statement | ODPM Consultation Paper |
| Volume/sequential designation | 1 June 2004 (25) |
| 520 ## - SUMMARY, ETC. | |
| Summary, etc. | Government's consultation paper on upward-only rent review (UORR) has been published by the ODPM. The paper sets out six options: 1) do nothing; 2) ban upward-only rent clauses; 3) ban UORRs subject to a floor of the initial rent; 4) give tenants a right to break if the UORR produced a rent above open market levels; 5) limit lease length; 6) require landords to give prospective tenant priced options. The consultation period runs until 30 September 2004. "Commercial property leases: options for deterring or outlawing the use of upward only rent review clauses" is available at http://www.odpm.gov.uk/urban/consult. |
| 590 ## - LOCAL NOTE (RLIN) | |
| Local note | WB |
| 590 ## - LOCAL NOTE (RLIN) | |
| Local note | WB |
| 650 ## - SUBJECT ADDED ENTRY--TOPICAL TERM | |
| Topical term or geographic name entry element | UPWARD ONLY RENT REVIEWS |
| 650 ## - SUBJECT ADDED ENTRY--TOPICAL TERM | |
| Topical term or geographic name entry element | CONSULTATION PAPERS |
| 650 ## - SUBJECT ADDED ENTRY--TOPICAL TERM | |
| Topical term or geographic name entry element | OPEN MARKET RENT |
| 650 ## - SUBJECT ADDED ENTRY--TOPICAL TERM | |
| Topical term or geographic name entry element | UPWARD ONLY RENT REVIEWS |
| 650 ## - SUBJECT ADDED ENTRY--TOPICAL TERM | |
| Topical term or geographic name entry element | COMMERCIAL LEASES REFORM |
| 650 ## - SUBJECT ADDED ENTRY--TOPICAL TERM | |
| Topical term or geographic name entry element | COMMERCIAL PROPERTY LEASES: OPTIONS FOR DETERRING OR OUTLAWING THE USE OF UPWARD ONLY RENT REVIEW CLAUSES |
| 690 ## - LOCAL SUBJECT ADDED ENTRY--TOPICAL TERM (OCLC, RLIN) | |
| Topical term or geographic name as entry element | LANDLORD AND TENANT-LEASES |
| 942 ## - ADDED ENTRY ELEMENTS (KOHA) | |
| Suppress in OPAC | 0 |
| Withdrawn status | Lost status | Source of classification or shelving scheme | Damaged status | Not for loan | Home library | Current library | Shelving location | Date acquired | Total Checkouts | Full call number | Barcode | Date last seen | Copy number | Price effective from | Koha item type |
|---|---|---|---|---|---|---|---|---|---|---|---|---|---|---|---|
| Dewey Decimal Classification | London | London | News article | 02/06/2004 | WB4021-11 | 126393-1001 | 06/08/2019 | 1 | 06/08/2019 | Journal article |